<?xml version="1.0" encoding="UTF-8"?><?xml-stylesheet type="text/xsl" href="static/style.xsl"?><OAI-PMH xmlns="http://www.openarchives.org/OAI/2.0/" xmlns:xsi="http://www.w3.org/2001/XMLSchema-instance" xsi:schemaLocation="http://www.openarchives.org/OAI/2.0/ http://www.openarchives.org/OAI/2.0/OAI-PMH.xsd"><responseDate>2026-04-29T18:23:57Z</responseDate><request verb="GetRecord" identifier="oai:riubu.ubu.es:10259/7371" metadataPrefix="marc">https://riubu.ubu.es/oai/request</request><GetRecord><record><header><identifier>oai:riubu.ubu.es:10259/7371</identifier><datestamp>2024-05-10T11:26:43Z</datestamp><setSpec>com_10259_7355</setSpec><setSpec>com_10259_7353</setSpec><setSpec>com_10259_2604</setSpec><setSpec>col_10259_7356</setSpec></header><metadata><record xmlns="http://www.loc.gov/MARC21/slim" xmlns:doc="http://www.lyncode.com/xoai" xmlns:xsi="http://www.w3.org/2001/XMLSchema-instance" xmlns:dcterms="http://purl.org/dc/terms/" xsi:schemaLocation="http://www.loc.gov/MARC21/slim http://www.loc.gov/standards/marcxml/schema/MARC21slim.xsd">
<leader>00925njm 22002777a 4500</leader>
<datafield tag="042" ind1=" " ind2=" ">
<subfield code="a">dc</subfield>
</datafield>
<datafield tag="720" ind1=" " ind2=" ">
<subfield code="a">Teijeira Pablos, María Dolores</subfield>
<subfield code="e">author</subfield>
</datafield>
<datafield tag="260" ind1=" " ind2=" ">
<subfield code="c">2022-07</subfield>
</datafield>
<datafield tag="520" ind1=" " ind2=" ">
<subfield code="a">Las Cofradías de Fábrica u Obra constituyeron una fuente de financiación extraordinaria utilizada&#xd;
a menudo por obispos y cabildos para poder hacer frente a los gastos, ordinarios y extraordinarios,&#xd;
de construcción de las grandes catedrales medievales. Por desgracia, la escasa documentación&#xd;
conservada de estas dificulta la comprensión de su funcionamiento y trascendencia. El objetivo&#xd;
de este artículo es poder conocerlas mejor a través de las noticias conservadas de tres cofradías&#xd;
bajomedievales que fueron fundadas en la catedral vieja de Salamanca, en los siglos XIV y XV.</subfield>
</datafield>
<datafield tag="520" ind1=" " ind2=" ">
<subfield code="a">The Confraternities of Fábrica were an important source of income for bishops and chapters in&#xd;
order to face up to ordinary and extraordinary expenses of the building of medieval cathedrals.&#xd;
Unfortunately, we have scarce documents and can hardly understand their working and relevance. This article tries to know better these brotherhoods through the documentation preserved&#xd;
from three late gothic confraternities founded in the old cathedral of Salamanca, during 14th and&#xd;
15th centuries.</subfield>
</datafield>
<datafield tag="024" ind2=" " ind1="8">
<subfield code="a">2952-1084</subfield>
</datafield>
<datafield tag="024" ind2=" " ind1="8">
<subfield code="a">http://hdl.handle.net/10259/7371</subfield>
</datafield>
<datafield tag="024" ind2=" " ind1="8">
<subfield code="a">10.36443/sarmental.34</subfield>
</datafield>
<datafield tag="024" ind2=" " ind1="8">
<subfield code="a">2952-1084</subfield>
</datafield>
<datafield ind1=" " ind2=" " tag="653">
<subfield code="a">Cofradía de Obra</subfield>
</datafield>
<datafield ind1=" " ind2=" " tag="653">
<subfield code="a">Catedral vieja de Salamanca</subfield>
</datafield>
<datafield ind1=" " ind2=" " tag="653">
<subfield code="a">Alfonso Berasaque</subfield>
</datafield>
<datafield ind1=" " ind2=" " tag="653">
<subfield code="a">Carlos de Guevara</subfield>
</datafield>
<datafield ind1=" " ind2=" " tag="653">
<subfield code="a">Gonzalo de Vivero</subfield>
</datafield>
<datafield ind1=" " ind2=" " tag="653">
<subfield code="a">Confraternity of Fábrica</subfield>
</datafield>
<datafield ind1=" " ind2=" " tag="653">
<subfield code="a">Old Cathedral of Salamanca</subfield>
</datafield>
<datafield tag="245" ind1="0" ind2="0">
<subfield code="a">Las Cofradías de Obra como estrategia episcopal de financiación. El caso de la catedral vieja de Salamanca en los siglos XIV y XV</subfield>
</datafield>
</record></metadata></record></GetRecord></OAI-PMH>